书目信息 |
| 书名: | Researching online | |
| 作者: | David Munger ... [et al.]. | |
| 分册号: | ||
| 分册名: | 出版地: | New York : |
|
| 出版社: | Longman | |
| 出版时间: | c1999. | |
| 页数: | xii, 131 p. ; | |
| 开本: | 22 cm. | |
| 丛书名: | ||
| 中图分类号: | ||
| 科图分类号: | ||
| 其他分类号: | G20 | |
| 主题词: | ||
| 电子资源: | ||
| 000 | 01016cam a2200325 a 450 | |
| 001 | E0753445187 | |
| 005 | 20070321145349.95 | |
| 008 | 990128s1999 nyu 001 0 eng | |
| 010 | @a99167130 | |
| 020 | @a0321027140. | |
| 035 | @a(DLC) 99167130 | |
| 040 | @aDLC@cDLC@dDLC | |
| 050 | 00 | @aZA4201@b.R47 1999 |
| 082 | 00 | @a025.04@2 21 |
| 090 | @aG20 | |
| 099 | @dG20@ex16=4 | |
| 245 | 00 | @aResearching online / @cDavid Munger ... [et al.]. |
| 250 | @a2nd ed. | |
| 260 | @aNew York :@bLongman,@cc1999. | |
| 300 | @axii, 131 p. ;@c22 cm. | |
| 500 | @aIncludes index. | |
| 650 | 0 | @aInternet searching. |
| 700 | 1 | @aMunger, David. |
| 906 | @a7@bcbc@corignew@d2@encip@f19@gy-gencatlg | |
| 922 | @aco | |
| 925 | 0 | @aacquire@b2 shelf copies@xpolicy default |
| 955 | @apb18 01-28-99 to cat.;jfOO 02-01-99; jf05 to subj 02-02-99; jf08 02-02-98 to AA 1-3 (Z); lj07 07-09-99; lk18 08-09-99; aa20 08-23-99 | |
| 984 | @agsl | |
| 985 | @eGAP | |
| 991 | @bc-GenColl@hZA4201@i.R47 1999@oam@tCopy 1@wBOOKS | |
| Researching online / / David Munger ... [et al.].-2nd ed.-New York : : Longman, , c1999. |
| xii, 131 p. ; ; 22 cm. |
| Includes index. |
| ISBN 0321027140. |
| ● |
| 相关链接 |
|
|
|
|
正题名:Researching online
索取号:G20/x16=4
 
预约/预借
| 序号 | 登录号 | 条形码 | 馆藏地/架位号 | 状态 | 备注 |
| 1 | 0002794 | 300027940 | 第二样本阅览室/ [索取号:G20/x16=4] | 在馆 |